ბათუმის შოთა რუსთაველის სახელმწიფო უნივერსიტეტის ბიბლიოთეკა

Гибриды кукурузы (ბიბ.ჩანაწერი № 46437)

000 -LEADER
fixed length control field 00548nam a2200205Ia 4500
001 - CONTROL NUMBER
control field 13275
003 - CONTROL NUMBER IDENTIFIER
control field GE_BSU
008 - FIXED-LENGTH DATA ELEMENTS--GENERAL INFORMATION
fixed length control field 181216s||||||||xx |||||||||||||| ||und||
040 ## - CATALOGING SOURCE
Transcribing agency GE_BSU
080 ## - UNIVERSAL DECIMAL CLASSIFICATION NUMBER
Universal Decimal Classification number 633.15
100 ## - MAIN ENTRY--PERSONAL NAME
Personal name Соколов,Б.П.
245 ## - TITLE STATEMENT
Title Гибриды кукурузы
245 ## - TITLE STATEMENT
Statement of responsibility, etc. Ред.Е.Н.Фолькман. Худ. Ю.М.Красный
260 ## - PUBLICATION, DISTRIBUTION, ETC.
Place of publication, distribution, etc. Москва
260 ## - PUBLICATION, DISTRIBUTION, ETC.
Name of publisher, distributor, etc. Сельхозгиз
260 ## - PUBLICATION, DISTRIBUTION, ETC.
Date of publication, distribution, etc. 1955
300 ## - PHYSICAL DESCRIPTION
Extent 144стр.илл.20см.
653 ## - INDEX TERM--UNCONTROLLED
Uncontrolled term Гибриды кукурузы
942 ## - ADDED ENTRY ELEMENTS (KOHA)
Koha item type წიგნი
ეგზემპლარები
Withdrawn status Lost status Damaged status Not for loan Date acquired Barcode Date last seen Price effective from Koha item type
        2018-12-17 20749 2018-12-17 2018-12-17 წიგნი
        2018-12-17 20750 2018-12-17 2018-12-17 წიგნი